000
00216nam a22000857a 4500
008
170329b xxu||||| |||| 00| 0 eng d
100
_9
3064
_a
CBSE
245
_a
Solution Computer Science-XI
260
_a
New Delhi
_b
CBSE
_c
2011
999
_c
6337
_d
6337